The presentation secrets of Steve Jobs : how to be insanely great in front of any audience (Record no. 295472)

MARC details
000 -LEADER
fixed length control field 00745nam a2200229Ia 4500
008 - FIXED-LENGTH DATA ELEMENTS--GENERAL INFORMATION
fixed length control field 191130s2010##################000#0#eng##
020 ## - INTERNATIONAL STANDARD BOOK NUMBER
ISBN 9780071636087
082 ## - DEWEY DECIMAL CLASSIFICATION NUMBER
Classification number 658.452 GAL
100 ## - MAIN ENTRY--AUTHOR NAME
Personal name Gallo, Carmine
245 ## - TITLE STATEMENT
Title The presentation secrets of Steve Jobs : how to be insanely great in front of any audience
Statement of responsibility, etc Carmine Gallo
260 ## - PUBLICATION, DISTRIBUTION, ETC. (IMPRINT)
Place of publication New York
Name of publisher McGraw-Hill
Year of publication 2010
300 ## - PHYSICAL DESCRIPTION
Number of Pages xvii, 238 p. : ill. ; 22 cm
500 ## - GENERAL NOTE
General note Includes bibliographical references (p. 219-232) and index
650 ## - SUBJECT ADDED ENTRY--TOPICAL TERM
Topical Term Business communication
Topical Term Business presentations
Topical Term Jobs, Steven, 1955-
991 ## -
-- 146888
Holdings
Withdrawn status Lost status Damaged status Not for loan Home library Current library Shelving location Date acquired Full call number Accession Number Price effective from Koha item type
        Anna Centenary Library Anna Centenary Library 6TH FLOOR, B WING 15.10.2020 658.452 GAL 471546 15.10.2020 English Books

Find us on the map